KOHA-Header-6

Mastering MATLAB 7 (Record no. 9914)

000 -LEADER
fixed length control field 00261nam a2200109Ia 4500
100 ## - MAIN ENTRY--AUTHOR NAME
Personal name Hanselman, Littlefield
245 #0 - TITLE STATEMENT
Title Mastering MATLAB 7
260 ## - PUBLICATION, DISTRIBUTION, ETC. (IMPRINT)
Place of publication New Delhi
Name of publisher Dorling
Year of publication 2006
300 ## - PHYSICAL DESCRIPTION
Number of Pages 390
942 ## - ADDED ENTRY ELEMENTS (KOHA)
Koha item type Books
Holdings
Withdrawn status Lost status Collection code Permanent Location Current Location Shelving location Date acquired Full call number Accession Number Koha item type
    Computer Science MAJU MAJU   2019-09-14 658.15 5948 Computer Science

Powered by Koha